00922nam a2200217 a 4500001001000000003000900010005001700019008004100036040002500077049000900102082001500111111019500126245010000321260004900421300002100470500003800491650003100529942001400560952011300574999001700687000021862DO-SdBNP20240206104337.0100914s1982 dr 000 0 spa d aDO-SdBNPbspacBNPHU aBNPD axxxbC965n2 aSeminario regional de expertos sobre comparaciones del sistema de cuentas nacionales y del sistema de balances de la economía nacional en América latina.d(1982 may. :cLa Habana)94539210aCuentas nacionales y producto material en América Latina :bcomparabilidad de ambos sistemas. aSantiago de Chile :bNaciones Unidas,c1982. a129 p. ;c23 cm. aIncluye notas al pie de páginas 0aEconomía regional984865 2ddccLBS1 0010718PDaPDbPDcCTd2010-09-14iLF1l0oxxx C965np21862-10r2020-06-25w2020-06-25yLFPDZNo se presta c21360d21360